| 000 | 00444nam a22001337a 4500 | ||
|---|---|---|---|
| 008 | 091111t xxu|||||s|||| 00| 0 eng d | ||
| 020 | _a9780521545051 (Set of 2 Audio CDs) | ||
| 082 |
_222 _a428.0076 _bPUC |
||
| 245 |
_aEnglish in Mind. Class Audio CDs2 / _cHerbert Puchta and Jeff Stranks |
||
| 260 |
_aCambridge, UK : _bCambridge University Press, _c2004 |
||
| 300 |
_a2 CD-ROMs; _c 4 3/4 in. |
||
| 306 | _a147 min.; 42 sec. | ||
| 942 |
_2ddc _cCDR |
||
| 999 |
_c12892 _d12892 |
||